000
00302nam a22001337a 4500
008
210511b ||||| |||| 00| 0 eng d
041
_a
eng
080
_8
_a
611.085
082
_a
611.085
100
_a
9
101
_a
HIS
245
_a
Pulmonary and Critical Care Medicine
_c
MKSAP
942
_2
udc
_c
BK
999
_c
57175
_d
57175